Ferrocarriles

Kaydedildi:
Detaylı Bibliyografya
Yazar: Togno Murguía, Francisco (Yazar)
Materyal Türü: Kitap
Dil:İspanyolca
Baskı/Yayın Bilgisi: Ciudad de México Representaciones y Servicios de Ingeniería 1982
Edisyon:2a. ed
Konular:
Etiketler: Etiketle
Etiket eklenmemiş, İlk siz ekleyin!

MARC

LEADER 00000nam a2200000 a 4500
001 UCV4671
003 CL-VaPUC
008 910408e19820000MX |||||||||||||||||spa|d
082 0 4 |a 625.1  |b TOG  |2 21 
100 0 |a Togno Murguía, Francisco  |e author  |9 298867 
245 1 0 |a Ferrocarriles 
250 |a 2a. ed 
300 |a 506 p 
942 |c BK 
945 |d 19910408 00:00:00 
260 |a Ciudad de México  |b Representaciones y Servicios de Ingeniería  |c 1982 
650 0 |a Ferrocarriles  |9 260933 
650 0 |a Sistemas de comunicación   |9 260934 
650 7 |a DIRECCION Y ADMINISTRACION  |2 CL-VaPUC  |9 260935 
650 7 |a COSTOS DE OPERACION  |2 CL-VaPUC  |9 260936 
650 0 |a Vías férreas   |x Curvas y desvíos   |9 260937 
650 0 |a Medios de transporte  |9 260938 
583 |a last modification  |c 20170223 01:32:33  |k Rodrigo Vera 
999 |c 211384  |d 211382 
952 |0 0  |1 0  |4 0  |6 625_100000000000000_TOG_1982  |7 0  |8 A  |9 190493  |a BIBING  |b BIBING  |d 2019-11-14  |i 2582848  |o 625.1 TOG 1982  |p 2582848  |r 2025-01-20  |w 2019-11-14  |y BK  |k TRA